000 00524nam a2200193Ia 4500
003 OSt
005 20200812111711.0
008 190216s9999||||xx |||||||||||||| ||und||
020 _a9780195686173
040 _coclc
082 _a547
_bLOU/O
100 _aLoudon, G Marc
_94064
245 0 _aOrganic Chemistry /
_cG Marc Loudon
250 _a4th Ed.
260 _bOxford University Press,
_c2011.
_aNew Delhi:
300 _a1353p
650 _aChemistry
942 _cBK
_2ddc
_h547
_iLOU/O
_k547
_mLOU/O
999 _c3626
_d3626